Mitologia grecka - Statystyki

Ogólne statystyki
  • Ten quiz został rozwiązany 2 957 razy
  • Średni wynik to 12 z 20
Statystyki odpowiedzi
Bogowie Odpowiedź % Poprawnych
Władca Olimpu Zeus
99%
Władca podziemia Hades
97%
Bóg mórz Posejdon
97%
Bóg wojny Ares
92%
Bogini mądrości Atena
92%
Bogini miłości Afrodyta
85%
Opiekunka rodziny Hera
82%
Bogini urodzaju Demeter
71%
Posłaniec bogów Hermes
70%
Bogini łowów Artemida
67%
Bóg ognia Hefajstos
67%
Bóg wróżb Apollo
53%
Bogini zwycięstwa Nike
46%
Opiekunka podróżnych Hestia
43%
Bóg dzikej natury Dionizos
42%
Bóg śmierci Tanatos
33%
Bóg lasów i pól Pan
25%
Bogini księżyca Selene
19%
Bogini mroku Hekate
15%
Bogini tęczy Irys
13%
Nie znaleziono quizów pasujących do podanych kryteriów
Rozkład punktacji
Procent ludzi z każdym wynikiem
Percentyl według liczby udzielonych odpowiedzi
Twoja historia wyników
Nie rozwiązałeś tego quizu